000
00269nam a2200109Ia 4500
005
20251222154306.0
008
251222s9999||||xx |||||||||||||| ||spa||
082
_a
868.6/D68R
100
_a
"Díaz Plaja, Fernando"
245
2
_a
A Roma por todos los caminos
942
_c
LIB
999
_c
33225
_d
33225